Missing Word: 6-Letter Literature (A-Z) Quiz Stats

Quiz Updated Feb 5, 2015

Challenge
Share
Tweet
Embed
Score 0/25 Timer 03:00
0 Plays Today
Hint Answer % Correct
____ Farm by George OrwellAnimal
98.6%
Treasure ____ by Robert Louis StevensonIsland
97.2%
A Clockwork ____ by Anthony BurgessOrange
95.6%
____ Caesar by William ShakespeareJulius
95.5%
The ____ of Wrath by John SteinbeckGrapes
95%
A Streetcar Named ____ by Tennessee WilliamsDesire
94.6%
The War of the ____ by H.G. WellsWorlds
93.4%
The Prince and the ____ by Mark TwainPauper
90%
The Maltese ____ by Dashiell HammettFalcon
89.7%
Cat's ____ by Kurt VonnegutCradle
83.4%
____ Fair by William Makepeace ThackerayVanity
80.3%
My Sister's ____ by by Jodi PicoultKeeper
76.2%
The Comedy of ____ by William ShakespeareErrors
75.4%
Hint Answer % Correct
The ____ Wallpaper by Charlotte Perkins GilmanYellow
71.1%
A ____ in the Sun by Lorraine HansberryRaisin
66.5%
The God of Small ____ by Arundhati RoyThings
63.9%
The Heart is a Lonely ____ by Carson McCullersHunter
53.7%
The Heart of the ____ by Graham GreeneMatter
52.8%
World War Z: An Oral History of the ____ War by Max BrooksZombie
52.1%
The Lincoln ____ by Michael ConnellyLawyer
49.9%
____ Son by Richard WrightNative
41.1%
____ by Thomas MoreUtopia
38.5%
Tristram ____ by Laurence SterneShandy
30.6%
The Faerie ____ by Edmund SpenserQueene
30.4%
The ____ Eye by Toni MorrisonBluest
21.3%

Today's Daily Dose

You're not logged in!

Compare scores with friends on all Sporcle quizzes.
Sign Up with Email
OR
Log In

You Might Also Like...

Show Comments

Extras

Top Quizzes Today


Score Distribution

Your Account Isn't Verified!

In order to create a playlist on Sporcle, you need to verify the email address you used during registration. Go to your Sporcle Settings to finish the process.